Legal and Sociocultural Challenges of LGBT Community in Kenya/ (Record no. 4266)

000 -LEADER
fixed length control field 00405nam a22001457a 4500
003 - CONTROL NUMBER IDENTIFIER
control field OSt
005 - DATE AND TIME OF LATEST TRANSACTION
control field 20210609093340.0
008 - FIXED-LENGTH DATA ELEMENTS--GENERAL INFORMATION
fixed length control field 210609b xxu||||| |||| 00| 0 eng d
050 ## - LIBRARY OF CONGRESS CALL NUMBER
Classification number RUSC RA564.9.K36 2019
100 ## - MAIN ENTRY--PERSONAL NAME
Personal name Kamande, Kennedy
245 ## - TITLE STATEMENT
Title Legal and Sociocultural Challenges of LGBT Community in Kenya/
Statement of responsibility, etc Kennedy Kamnde
260 ## - PUBLICATION, DISTRIBUTION, ETC. (IMPRINT)
Place of publication, distribution, etc Nairobi
Date of publication, distribution, etc 2019
300 ## - PHYSICAL DESCRIPTION
Extent viii, 40 p:
942 ## - ADDED ENTRY ELEMENTS (KOHA)
Source of classification or shelving scheme
Koha item type Research Project
Holdings
Withdrawn status Lost status Source of classification or shelving scheme Damaged status Not for loan Home library Current library Shelving location Date acquired Total Checkouts Full call number Barcode Date last seen Price effective from Koha item type
          Riara University Library Riara University Library Special Collection 09/06/2021   RUSC RA564.9.K36 2019 10471/21 09/06/2021 09/06/2021 Research Project

Riara University Library,
P.O. Box 49940-00100,
Nairobi, Kenya.